Presidents of Turkey by Picture - Statistics

General Stats
  • This quiz has been taken 137 times
  • The average score is 10 of 12
Answer Stats
Picture Hint Answer % Correct
1923-1938 Mustafa Kemal Atatürk
100%
2014-Present Recep Tayyip Erdoğan
99%
1938-1950 İsmet İnönü
95%
2007-2014 Abdullah Gül
88%
1989-1993 Turgut Özal
88%
1950-1960 Celâl Bayar
82%
1993-2000 Süleyman Demirel
81%
1980-1989 Kenan Evren
78%
2000-2007 Ahmet Necdet Sezer
74%
1973-1980 Fahri Korutürk
69%
1960-1966 Cemal Gürsel
68%
1966-1973 Cevdet Sunay
55%
No matching quizzes found
Score Distribution
Percent of People with Each Score
Percentile by Number Answered
Your Score History
You have not taken this quiz